Statistics for Countries With The Most Protestants

Click here to take the quiz!

General Stats

  • This quiz has been taken 45 times
  • The average score is 19 of 30

Answer Stats

NumberCountry% Correct
32,1 milUnited Kingdom
98%
153,4 milUnited States
98%
21,1 milGermany
95%
19,2 milKenya
83%
72.2South Africa
83%
36,8 milSouth Africa
83%
75,4 milNigeria
80%
73.0Norway
78%
82.0Denmark
76%
31,6 milDR Congo
76%
15,8 milUganda
76%
42,8 milBrazil
73%
39,9 milChina
73%
68.4Finland
71%
68.1Iceland
71%
16,7 milTanzania
71%
10,5 milPhilippines
63%
14,1 milGhana
56%
13,9 milEthiopia
54%
74.9Namibia
54%
20,2 milIndonesia
51%
68.0Antigua and Barbuda
46%
73.3Tonga
44%
77.8Saint Kitts and Nevis
39%
70.0Bahamas
37%
74.5Saint Vincent and the Grenadines
37%
94.3Tuvalu
37%
76.7Marshall Islands
34%
76.6Solomon Islands
32%
75.1Liberia
24%

Score Distribution

Percentile by Number Answered

Percent of People with Each Score

Your Score History

You have not taken this quiz